Score 0/20 Timer 02:00
0 Plays Today
Book Missing Word % Correct
_____ and SensibilitySense
96.6%
Around the World in _______ DaysEighty
96.4%
______ ExpectationsGreat
96.3%
Adventures of _________ FinnHuckleberry
96.1%
The Count of ______ CristoMonte
95.5%
The __________ of Notre-DameHunchback
95.1%
Through the _______ GlassLooking
94.5%
The _____ of the MohicansLast
92.7%
The ______ LetterScarlet
89.9%
The Picture of _____ GrayDorian
89.7%
Book Missing Word % Correct
Uncle Tom's ______Cabin
89.1%
The Three _________Musketeers
85.2%
The Time ________Machine
83%
The Man in the ____ MaskIron
82.5%
The _________ of Being EarnestImportance
75.4%
The Strange ____ of Dr. Jekyll and Mr. HydeCase
67.9%
Mansfield ____Park
62.6%
The Turn of the ______Screw
54.8%
A ______ in ScarletStudy
41.8%
The _____ of CasterbridgeMayor
33.4%

Today's Daily Dose

Remove Ads.
Support Sporcle.
Get the best of Sporcle when you Go Orange. This ad-free experience offers more features, more stats, and more fun while also helping to support Sporcle. Thank you for becoming a member.

You're not logged in!

Compare scores with friends on all Sporcle quizzes.
OR
Log In

Show Comments

Extras

Top Quizzes Today


Score Distribution

Your Account Isn't Verified!

In order to create a playlist on Sporcle, you need to verify the email address you used during registration. Go to your Sporcle Settings to finish the process.

Report this User

Report this user for behavior that violates our Community Guidelines.

Details: